Freedom of comunication
Guardat en:
| Autor principal: | |
|---|---|
| Format: | Llibre |
| Idioma: | anglès |
| Publicat: |
Londres
Holywell Press
1963
|
| Matèries: | |
| Etiquetes: |
Afegir etiqueta
Sense etiquetes, Sigues el primer a etiquetar aquest registre!
|
MARC
| LEADER | 00000nam a2200000 a 4500 | ||
|---|---|---|---|
| 001 | UCR9904 | ||
| 003 | CL-VaPUC | ||
| 008 | 980619e19630000UK |||||||||||||||||eng|d | ||
| 082 | 0 | 4 | |a 323.443 |b SIN |2 21 |
| 100 | 0 | |a Sington, Derrick |e author |9 412906 | |
| 245 | 1 | 0 | |a Freedom of comunication |
| 300 | |a 126 p | ||
| 942 | |c BK | ||
| 945 | |d 19980619 00:00:00 |a crobeson | ||
| 260 | |a Londres |b Holywell Press |c 1963 | ||
| 650 | 0 | |a Libertad de expresión |9 329993 | |
| 650 | 0 | |a Comunicación |9 257251 | |
| 650 | 7 | |a CONTROL DE LA COMUNICACION |2 CL-VaPUC |9 412907 | |
| 650 | 0 | |a Política de la comunicación |9 334449 | |
| 583 | |a last modification |c 20161004 05:20:52 |k Rodrigo Vera | ||
| 999 | |c 271078 |d 271076 | ||